000 00501nmm a2200169Ia 4500
008 251105s9999||||xx |||||||||||||||||und||
020 _a9788416170449
041 _aspa
100 _aMuñoz, Jacobo
245 0 _aEl ocaso de la mirada burguesa : de Goethe a Beckett
264 _a[Madrid, España] :
_bBiblioteca Nueva,
_c2015
300 _a152 páginas
490 _aEnsayo Pensamiento
650 _aPhilosophy, Ethics
856 _uhttps://public.digitaliapublishing.com/a/38133
942 _cCF
999 _c77321
_d77321